000 00733nam a2200289Ia 4500
005 20260324130830.0
008 008 260324s9999 xx 000 0 eng d
020 _a9781003233619
037 _aEBOOK
040 _aCRL
040 _beng
040 _cCRL
041 _2eng
041 _aeng
084 _qCRL
100 _aLinda Avery; Joyce VanTassel-Baska
_91183247
245 0 _aChanging Tomorrow 2
245 0 _bLeadership Curriculum for High-Ability Middle School Students (Grades 6-8)
260 _bTaylor and Francis
260 _c2007
365 _a
365 _b110
856 _uhttp://www.taylorfrancis.com/books/9781003233619
942 _cEBOOK
999 _c1779801
_d1779801